Private vs. public operation of juvenile correctional facilities (Record no. 156081)
[ view plain ]
| 000 -LEADER | |
|---|---|
| fixed length control field | 01511nam a22003494a 4500 |
| 082 04 - DEWEY DECIMAL CLASSIFICATION NUMBER | |
| Classification number | 365/.42/0973 |
| 100 1# - MAIN ENTRY--AUTHOR NAME | |
| Personal name | Armstrong, Gaylene Styve. |
| 245 10 - TITLE STATEMENT | |
| Title | Private vs. public operation of juvenile correctional facilities |
| 260 ## - PUBLICATION, DISTRIBUTION, ETC. (IMPRINT) | |
| Place of publication | New York : |
| Name of publisher | LFB Scholarly Publishing LLC, |
| Year of publication | 2001. |
| 300 ## - PHYSICAL DESCRIPTION | |
| Number of Pages | ix, 177 p. |
| 490 1# - SERIES STATEMENT | |
| Series statement | Criminal justice recent scholarship |
| 650 #0 - SUBJECT ADDED ENTRY--TOPICAL TERM | |
| Topical Term | Juvenile corrections |
| Topical Term | Juvenile corrections |
| Topical Term | Privatization |
| 856 40 - ELECTRONIC LOCATION AND ACCESS | |
| Uniform Resource Identifier | http://site.ebrary.com/lib/rucke/Doc?id=10040158 |
No items available.
